| 000 | 00803nam a22002177a 4500 | ||
|---|---|---|---|
| 999 |
_c2286 _d2286 |
||
| 003 | AR-CdUCM | ||
| 008 | 190304b ||||| |||| 00| 0 spa d | ||
| 040 |
_aMUNICIPALIDAD PROVINCIAL DEL CUSCO _cBIBLIOTECA MUNICIPAL DEL CUSCO |
||
| 082 |
_a910 / _bP26 |
||
| 100 |
_aParry, J. H. _98252 |
||
| 245 | _aLa época de los descubrimientos geográficos 1450-1620 / | ||
| 260 |
_aMadrid : _bGuadarrama, _c1964. |
||
| 300 |
_a485 páginas ; _bIlustraciones. _c24 cm. |
||
| 505 | _aContenido: Las condiciones del descubrimiento -- La historia del descubrimiento -- Los frutos del descubrimiento ... | ||
| 650 |
_aOcéano indico _98253 |
||
| 650 |
_aConquista de América _98254 |
||
| 650 |
_aEspaña y Portugal _98255 |
||
| 700 |
_aMorales Padron, F. (traductor) _98256 |
||
| 942 |
_2ddc _cLIBROS |
||
| 945 | _aafb | ||